| 000 | 00336nam a22001217a 4500 | ||
|---|---|---|---|
| 082 | _a220 PRO | ||
| 100 |
_aTALHA ZUBAIR, Mariam Naeem, Muzammil Rehman _971117 |
||
| 245 | _aPR-SOF-1417-SEGWAY ELECTRIC VEHICLE | ||
| 260 |
_aISLAMABAD _bNUST COLLEGE OF EME _c2015 |
||
| 650 | _aDE-MTS-33 | ||
| 700 |
_aDr Umar Izhar _971118 |
||
| 942 | _cCR | ||
| 999 |
_c577817 _d577817 |
||